[Event "IECC KO-2069"]
[Site "IECC email"]
[Date "2005.06.22"]
[Round "?"]
[White "Goggin, Donald"]
[Black "Grushovsky, Yuri"]
[Result "0-1"]
[WhiteElo "1369"]
[BlackElo "1248"]
[PlyCount "60"]
[EventDate "2005.??.??"]
[EventType "match (corr)"]
[EventRounds "2"]
[SourceTitle "Corr 2008"]
[Source "ChessBase"]
[SourceDate "2008.06.24"]
[SourceVersion "1"]
[SourceVersionDate "2008.06.24"]
[SourceQuality "1"]

1. d4 d5 2. e4 dxe4 3. Nc3 Nf6 4. f3 exf3 5. Nxf3 e6 6. Bg5 Be7 7. Bd3 Nbd7 8. 0-0 b6 9. Qd2 0-0 10. Rf2 Bb7 11. Re1 Ng4 12. Rfe2 Bxf3 13. Bxe7 Qxe7 14. gxf3 Ngf6 15. Rg2 g6 16. a3 c5 17. d5 Qd6 18. Bc4 Ne5 19. Qf4 Nxc4 20. Qxf6 exd5 21. Qxd6 Nxd6 22. Nxd5 Kg7 23. Re7 Rfe8 24. Rge2 Kf8 25. R7e3 Rxe3 26. Rxe3 Nf5 27. Re1 Nd4 28. Rf1 Nxc2 29. Kg2 Rd8 30. Nf6 Ne3+ 0-1